| 000 | 00548nam a22001817a 4500 | ||
|---|---|---|---|
| 005 | 20150514105900.0 | ||
| 010 | _aENG-112599 | ||
| 020 |
_a9789383074846 _c299.00 |
||
| 035 | _aEN-96131 | ||
| 037 | _bDBAD/PUB | ||
| 082 | _aS | ||
| 100 | _aPattanaik,Devdutt | ||
| 245 | 0 | 0 |
_aShikhandi and other tales they don't tell you / _cby Devdutt Pattanaik ; illustrated by the author |
| 260 |
_aNew Delhi _bZubaan _c2014 |
||
| 270 |
_a128 B, Shah Pur Jat, Ist Floor, _bNew Delhi _e110049 |
||
| 300 |
_a179p.: _c22cm(pbk) _bill. |
||
| 942 |
_2ddc _cEN _mPAT _hS |
||
| 999 |
_c92773 _d92773 |
||